Najwyższe wodospady w Polsce - Statystyki

Ogólne statystyki
  • Ten quiz został rozwiązany 28 razy
  • Średni wynik to 4 z 10
Statystyki odpowiedzi
L. p. Wodospad % Poprawnych
1 Siklawa
91%
2 Kamieńczyka
61%
6 Szklarki
61%
4 Siklawica
52%
3 Wodogrzmoty Mickiewicza
48%
8 Podgórnej
26%
5 Wilczki
17%
7 w Sopotni Wielkiej
9%
10 Magurski
4%
9 na Mosornym Potoku
4%
Nie znaleziono quizów pasujących do podanych kryteriów
Rozkład punktacji
Procent ludzi z każdym wynikiem
Percentyl według liczby udzielonych odpowiedzi
Twoja historia wyników
Nie rozwiązałeś tego quizu